[Event "It (open)"]
[Site "masterchessopen.com Budapest (Hungary)"]
[Round "2"]
[White "Almasi Istvan (HUN)"]
[Black "Nogrady Vilmos (HUN)"]
[Result "1-0"]
[WhiteElo "2425"]
[BlackElo "2290"]

1.e4 c5 2.Nf3 d6 3.d4 cxd4 4.Nxd4 Nf6 5.Nc3 Nc6 6.Bg5 Bd7 7.Qd2 Rc8 8.f4 Nxd4
9.Qxd4 Qa5 10.e5 dxe5 11.fxe5 e6 12.O-O-O Bc6 13.Nb5 Bxb5 14.exf6 Ba4 15.h4 g6
16.Bd3 Bc5 17.Qg4 Qb4 18.Qxb4 Bxb4 19.h5 gxh5 20.Rh4 a5 21.a3 Rg8 22.Bh6 Rxg2
23.axb4 axb4 24.Rxb4 Bc6 25.Rh4 Ra8 26.Kb1 Bd5 27.Bb5+ Kd8 28.c4 Ra5 29.cxd5
Rxb5 30.dxe6+ Ke8 31.Rd8+ Kxd8 32.exf7 Rbxb2+ 33.Kc1 Rbc2+ 34.Kd1 {#r} 1-0

[Event "Bundesliga (2nd) West 1995/96"]
[Site "masterchessopen.com Germany"]
[Round "0"]
[White "Zude Erik Dr (GER)"]
[Black "Thiel Thomas (GER)"]
[Result "1-0"]
[WhiteElo "2370"]
[BlackElo "2310"]

1.e4 c5 2.Nf3 Nc6 3.d4 cxd4 4.Nxd4 Nf6 5.Nc3 d6 6.Bg5 Bd7 7.Qd2 Rc8 8.f4 a6
9.O-O-O h6 10.Bh4 g5 11.fxg5 hxg5 12.Bxg5 Bg7 13.Bc4 b5 14.Nxc6 Bxc6 15.Bd3
Qa5 16.a3 Nd7 17.Nd5 Qxd2+ 18.Rxd2 Bxd5 19.exd5 Nc5 20.Kb1 Na4 21.c3 Rc5
22.Bc2 Nxb2 23.Re2 Nc4 24.Bxe7 Kd7 25.Rf1 Nxa3+ 26.Ka2 Rxc3 27.Bb3 Be5 28.Rxf7
Ke8 29.Bxd6 Rxb3 30.Re7+ Kd8 31.Bxe5 Rh4 32.Bf6 Ra4 33.Ra7+ {#r} 1-0

[Event "Ch Cuba"]
[Site "masterchessopen.com Las Tunas (Cuba)"]
[Round "0"]
[White "Herrera Irisberto (ESP)"]
[Black "Vera Reynaldo (CUB)"]
[Result "1-0"]
[WhiteElo "2475"]
[BlackElo "2505"]

1.e4 c5 2.Nf3 d6 3.d4 cxd4 4.Nxd4 Nf6 5.Nc3 Nc6 6.Bg5 Bd7 7.Qd2 Rc8 8.f4 h6
9.Bxf6 gxf6 10.Nxc6 bxc6 11.Bc4 Rb8 12.O-O e6 13.Kh1 Qa5 14.Bb3 Be7 15.f5 h5
16.Rae1 Rb5 17.Bc4 Re5 18.Bd3 exf5 19.exf5 d5 20.Qf4 Bd6 21.Qh4 Qd8 22.Ne2 Kf8
23.c3 Re3 24.Bc2 Be5 25.Nd4 Rxe1 26.Rxe1 Qb8 27.Nf3 Rg8 28.Rb1 Qb6 29.Re1 Qxb2
30.Nxe5 fxe5 31.Qd8+ Be8 32.f6 Qa3 33.Bf5 Rg5 34.Bd7 Kg8 35.Qxe8+ Qf8 36.Qxf8+
Kxf8 37.Bxc6 e4 38.c4 Rf5 39.cxd5 Rxf6 40.h3 {#r} 1-0

[Event "Match \"]
[Site "masterchessopen.com Macau"]
[Round "5"]
[White "Wang Zili (CHN)"]
[Black "Silva Fernando (POR)"]
[Result "1-0"]
[WhiteElo "2535"]
[BlackElo "2375"]

1.e4 c5 2.Nf3 d6 3.d4 cxd4 4.Nxd4 Nf6 5.Nc3 Nc6 6.Bg5 Bd7 7.Qd2 Nxd4 8.Qxd4
Qa5 9.Bd2 e5 10.Qd3 Bc6 11.O-O-O Be7 12.Kb1 Qc7 13.Bg5 Nxe4 14.Nxe4 Bxe4
15.Qxe4 Bxg5 16.h4 Be7 17.Bb5+ Kf8 18.Rh3 Rc8 19.h5 Qb8 20.Rf3 h6 21.Bd7 Rc7
22.Qd5 Bf6 23.Qxd6+ Kg8 24.Rc3 Bd8 25.Bf5 Rd7 26.Qxd7 {#r} 1-0

[Event "It (open)"]
[Site "masterchessopen.com Oberwart (Austria)"]
[Round "6"]
[White "Gradwohl Johann (AUT)"]
[Black "Daverkausen Bernd (GER)"]
[Result "1-0"]
[WhiteElo "2092"]
[BlackElo "2218"]

1.e4 c5 2.Nf3 d6 3.d4 cxd4 4.Nxd4 Nf6 5.Nc3 Nc6 6.Bg5 Bd7 7.Qd2 Rc8 8.f4 Nxd4
9.Qxd4 Qa5 10.e5 dxe5 11.fxe5 Bc6 12.b4 Qd8 13.Qxd8+ Rxd8 14.exf6 exf6 15.Bd2
Bxb4 16.Bd3 Bc5 17.Ne4 Bd4 18.O-O-O f5 19.Ng5 O-O 20.Nf3 Bxf3 21.gxf3 Rd6
22.Bb4 Be3+ 23.Rd2 Rb6 24.Bxf8 Kxf8 25.Re1 Bf4 26.Kd1 {#r} 1-0

[Event "It (open)"]
[Site "masterchessopen.com Szekszard (Hungary)"]
[Round "7"]
[White "Bokros Albert (HUN)"]
[Black "Gyorkos Lajos (HUN)"]
[Result "1-0"]
[WhiteElo "2220"]
[BlackElo "2405"]

1.e4 c5 2.Nf3 Nc6 3.d4 cxd4 4.Nxd4 Nf6 5.Nc3 d6 6.Bg5 Bd7 7.Qd2 Rc8 8.f4 Nxd4
9.Qxd4 Qa5 10.e5 dxe5 11.fxe5 Bc6 12.O-O-O e6 13.Nb5 Bxb5 14.exf6 g6 15.h4 Bc5
16.Qc3 Qa4 17.Bxb5+ Qxb5 18.h5 gxh5 19.Rxh5 Qc6 20.Qd3 Bf8 21.Rh4 b5 22.Rd4
Qb6 23.Rc4 Rd8 24.Rc8 {#r} 1-0

[Event "Cup Tel Aviv (active)"]
[Site "masterchessopen.com Tel Aviv (Israel)"]
[Round "2"]
[White "Psakhis Lev (ISR)"]
[Black "Murey Jacob (ISR)"]
[Result "1-0"]
[WhiteElo "2590"]
[BlackElo "2460"]

1.e4 c5 2.Nf3 Nc6 3.d4 cxd4 4.Nxd4 Nf6 5.Nc3 d6 6.Bg5 Bd7 7.Qd2 Rc8 8.f4 Nxd4
9.Qxd4 Qa5 10.e5 dxe5 11.fxe5 e6 12.O-O-O Rxc3 13.Bd2 Qxa2 14.Bxc3 g6 15.b4
Nd5 16.Bc4 Bh6+ 17.Rd2 Qa3+ 18.Bb2 Qxb4 19.Bxd5 Bxd2+ 20.Qxd2 Qxd2+ 21.Kxd2
O-O 22.Bf3 a5 23.Ra1 a4 24.Ba3 Rd8 25.Ke3 b5 26.Rd1 b4 27.Bxb4 Rb8 28.Rxd7
Rxb4 29.Ra7 Rc4 30.Be4 h5 31.Kd3 Rb4 32.c4 Rb3+ 33.Kd4 a3 34.c5 Rb4+ 35.Kd3
{#r} 1-0

[Event "Ch Croatia (team) (2nd league)"]
[Site "masterchessopen.com Tucepi (Croatia)"]
[Round "5"]
[White "Ladic Josip (CRO)"]
[Black "Jovanovic Zoran (CRO)"]
[Result "0-1"]
[WhiteElo "2191"]
[BlackElo "2589"]

1.e4 c5 2.Nf3 Nc6 3.d4 cxd4 4.Nxd4 Nf6 5.Nc3 d6 6.Bg5 Bd7 7.Qd2 Qa5 8.f4 h6
9.Bh4 Nxd4 10.Qxd4 g5 11.e5 Bg7 12.fxg5 hxg5 13.Bxg5 Ng4 14.Bc4 Bxe5 15.Qd2
Bg3+ 16.Kd1 Nf2+ {#R} 0-1

[Event "Memorial C.Schlechter"]
[Site "masterchessopen.com Vienna (Austria)"]
[Round "5"]
[White "Dueckstein Andreas (AUT)"]
[Black "Stanec Nikolaus (AUT)"]
[Result "0-1"]
[WhiteElo "2305"]
[BlackElo "2505"]

1.e4 c5 2.Nf3 Nc6 3.d4 cxd4 4.Nxd4 Nf6 5.Nc3 d6 6.Bg5 Bd7 7.Qd2 a6 8.Be2 b5
9.Bxf6 gxf6 10.a4 bxa4 11.Rxa4 Nxd4 12.Rxd4 Bg7 13.Rd3 O-O 14.O-O Kh8 15.Rg3
Qa5 16.Qd5 Qxd5 17.Nxd5 Rab8 18.Nxe7 Rfe8 19.Nd5 Rxb2 20.Bxa6 Rxc2 21.Bd3 Rd2
22.Rb1 f5 23.exf5 Be5 24.Re3 Bc6 25.Nb4 Rb8 26.Kf1 Bd4 27.Nxc6 Rxb1+ 28.Bxb1
Bxe3 29.fxe3 Rd1+ 30.Kf2 Rxb1 31.Ne7 Rb5 32.e4 {#R} 0-1

[Event "It (open)"]
[Site "masterchessopen.com Wiesbaden (Germany)"]
[Round "9"]
[White "Lobzhanidze Davit (GEO)"]
[Black "Schlamp Robert (GER)"]
[Result "1-0"]
[WhiteElo "2330"]
[BlackElo "2339"]

1.e4 c5 2.Nf3 d6 3.d4 cxd4 4.Nxd4 Nf6 5.Nc3 Nc6 6.Bg5 Bd7 7.Qd2 Rc8 8.Nb3 h6
9.Bxf6 gxf6 10.O-O-O f5 11.Bd3 fxe4 12.Nxe4 Bg7 13.Rhe1 O-O 14.Ng3 Ne5 15.Nh5
Bg4 16.Nxg7 Kxg7 17.f3 Bh5 18.Be4 Qb6 19.Qd4 Bg6 20.f4 Bxe4 21.Rxe4 Rc4
22.Qxb6 axb6 {#r} 1-0

[Event "Olympiad"]
[Site "masterchessopen.com Yerevan (Armenia)"]
[Round "12"]
[White "David Alberto (LUX)"]
[Black "Pazos Gambarrotti Plinio (ECU)"]
[Result "1-0"]
[WhiteElo "2435"]
[BlackElo "2365"]

1.e4 c5 2.Nf3 Nc6 3.d4 cxd4 4.Nxd4 Nf6 5.Nc3 d6 6.Bg5 Bd7 7.Qd2 Rc8 8.O-O-O
Nxd4 9.Qxd4 Qa5 10.Bd2 a6 11.f3 e6 12.g4 Be7 13.h4 Qc5 14.Qd3 b5 15.Be3 Qc7
16.g5 Nh5 17.Ne2 b4 18.Qd2 O-O 19.Bh3 Ba4 20.b3 Bb5 21.Nd4 Qa5 22.Kb1 Rc3
23.Bg4 g6 24.Nxe6 fxe6 25.Bxe6+ Rf7 26.e5 Bc6 27.exd6 Bd8 28.Bd4 Ng7 29.Bxg7
Kxg7 30.Qd4+ Rf6 31.d7 Rxf3 32.gxf6+ Bxf6 33.d8=Q Qxd8 34.Qxd8 Bxd8 35.Rxd8
Re3 36.Bd5 {#r} 1-0

[Event "It (open) (b)"]
[Site "masterchessopen.com Zaragoza (Spain)"]
[Round "0"]
[White "Salamero Pelay Fernando (ESP)"]
[Black "Colas Longares Rafael P (ESP)"]
[Result "0-1"]
[WhiteElo "2134"]
[BlackElo "2340"]

1.e4 c5 2.Nf3 Nc6 3.d4 cxd4 4.Nxd4 Nf6 5.Nc3 d6 6.Bg5 Bd7 7.Qd2 Nxd4 8.Qxd4
Qa5 9.Bd2 e5 10.Qe3 Be7 11.Nb5 Qd8 12.Bb4 Ng4 13.Qd2 O-O 14.Bxd6 Bg5 15.Qb4
Qf6 16.f3 Ne3 17.Na3 Rfc8 18.Bc5 a5 19.Qxb7 Rab8 20.Qa7 Nxf1 21.Rxf1 Qc6
22.Rd1 Be6 23.Be3 Rb7 24.Qxa5 Be7 25.Qxe5 f6 26.Qh5 Rxb2 27.Nb1 Rxb1 28.Rxb1
Qxc2 29.Qb5 Bc4 30.Rf2 Qc3+ 31.Bd2 Qd4 32.Qb7 Re8 33.Qc6 Rd8 34.Rb5 Qa1+ {#R}
0-1

[Event "Ch City"]
[Site "masterchessopen.com Rio de Janeiro (Brazil)"]
[Date "1996.11.23"]
[Round "6"]
[White "Silver Albert W (BRA)"]
[Black "Guimaraes Wagner P (BRA)"]
[Result "0-1"]
[WhiteElo "2149"]
[BlackElo "2280"]

1.e4 c5 2.Nf3 Nc6 3.d4 cxd4 4.Nxd4 Nf6 5.Nc3 d6 6.Bg5 Bd7 7.Qd2 Rc8 8.Be2 Nxd4
9.Qxd4 Qa5 10.Bd2 a6 11.O-O Qc5 12.Qxc5 Rxc5 13.Be3 Rc8 14.f4 e5 15.Rad1 Bc6
16.Bf3 Be7 17.Rd2 O-O 18.Rfd1 b5 19.fxe5 dxe5 20.Nd5 Bxd5 21.exd5 e4 22.Be2
Bc5 23.Bxc5 Rxc5 24.Kf2 Nd7 25.Ke3 f5 26.Rf1 Nb6 27.d6 Rd8 28.g4 g6 29.gxf5
gxf5 30.b4 Rd5 31.Rxd5 Nxd5+ 32.Kd4 Rxd6 33.Kc5 Rd8 34.Rxf5 Nc3 35.Bh5 Kg7
36.Re5 Kf6 {#R} 0-1

[Event "It (open)"]
[Site "masterchessopen.com Aschach (Austria)"]
[Round "7"]
[White "Brustman Agnieszka (POL)"]
[Black "Lendwai Reinhard (AUT)"]
[Result "1-0"]
[WhiteElo "2380"]
[BlackElo "2375"]

1.e4 c5 2.Nf3 Nc6 3.d4 cxd4 4.Nxd4 Nf6 5.Nc3 d6 6.Bg5 Bd7 7.Qd2 Nxd4 8.Qxd4
Qa5 9.f4 h6 10.Bxf6 gxf6 11.O-O-O Rc8 12.Kb1 Qc5 13.Qd3 f5 14.e5 e6 15.Be2 d5
16.g4 fxg4 17.Ne4 Qb4 18.Nf6+ Kd8 19.Nxd5 exd5 20.Qxd5 Rc7 21.Bxg4 Qc5 22.Qxf7
Qxc2+ 23.Ka1 Be7 24.Qd5 Qa4 25.Rd4 Qc2 26.Rb1 Ba3 27.Rdd1 Ke7 28.Bxd7 Rd8
29.Qe6+ {#r} 1-0

[Event "It (a)"]
[Site "masterchessopen.com Budapest (Hungary)"]
[Round "4"]
[White "Cao Sang (HUN)"]
[Black "Levin Felix (GER)"]
[Result "0-1"]
[WhiteElo "2529"]
[BlackElo "2475"]

1.e4 c5 2.Nf3 d6 3.d4 cxd4 4.Nxd4 Nf6 5.Nc3 Nc6 6.Bg5 Bd7 7.Qd2 Nxd4 8.Qxd4 h6
9.Bxf6 gxf6 10.Be2 Qa5 11.f4 Rc8 12.O-O-O Qc5 13.Qd3 Bg7 14.f5 h5 15.Kb1 h4
16.Nd5 a5 17.c4 Bh6 18.Rhe1 Bg5 19.Qf3 Rh6 20.Bd3 e6 21.fxe6 fxe6 22.Nf4 Qe5
23.Nh3 Ba4 24.b3 Bc6 25.Nf2 f5 26.Kc2 a4 27.b4 a3 28.Bf1 Ba4+ 29.Kd3 Rxc4
30.Kxc4 Bb5+ {#R} 0-1

[Event "It (open)"]
[Site "masterchessopen.com Calcutta (India)"]
[Round "5"]
[White "Kayumov Dmitry D (UZB)"]
[Black "Girinath P D S (IND)"]
[Result "1-0"]
[WhiteElo "2430"]
[BlackElo "2375"]

1.e4 c5 2.Nf3 Nc6 3.d4 cxd4 4.Nxd4 Nf6 5.Nc3 d6 6.Bg5 Bd7 7.Qd2 h6 8.Bxf6 gxf6
9.Nb3 a6 10.O-O-O e6 11.f4 Qc7 12.Be2 O-O-O 13.Bh5 Rh7 14.Kb1 Kb8 15.Rhf1 Be7
16.Qe1 Rc8 17.Rf3 Na5 18.Nd4 Nc4 19.b3 Nb6 20.f5 e5 21.Nde2 d5 22.exd5 e4
23.Re3 Bb4 24.a3 Bxa3 25.Rxe4 Bd6 26.Qf2 Be8 27.Re3 Qc5 28.Qf3 Rg7 29.g4 a5
30.Re4 a4 31.Nd4 {#r} 1-0

[Event "Ch Catalunia (team)"]
[Site "masterchessopen.com Catalunia (Spain)"]
[Round "3"]
[White "Vehi Bach Victor M (ESP)"]
[Black "Collado Forner Jose (ESP)"]
[Result "1-0"]
[WhiteElo "2395"]
[BlackElo "2286"]

1.e4 c5 2.Nf3 Nc6 3.d4 cxd4 4.Nxd4 Nf6 5.Nc3 d6 6.Bg5 Bd7 7.Qd2 h6 8.Bxf6 gxf6
9.f4 Nxd4 10.Qxd4 a6 11.O-O-O Bg7 12.Be2 O-O 13.Rd3 Rc8 14.Rg3 Kh8 15.f5 Qa5
16.Nd5 Qc5 17.Qd2 e6 18.Nf4 Bc6 19.Nh5 Bxe4 20.c3 Qd5 21.Nxg7 Qxd2+ 22.Kxd2
Rg8 23.Nh5 Rxg3 24.hxg3 Bxg2 25.Rh2 Bd5 26.Nxf6 Bxa2 27.Ng4 {#r} 1-0

[Event "Tournament (team) (corr.) \"]
[Site "masterchessopen.com corr."]
[Round "0"]
[White "Tuominen Mauri (FIN)"]
[Black "Kashljak Anatoli (RUS)"]
[Result "0-1"]
[WhiteElo "2112"]
[BlackElo "2260"]

1.e4 c5 2.Nf3 Nc6 3.d4 cxd4 4.Nxd4 Nf6 5.Nc3 d6 6.Bg5 Bd7 7.Qd2 Rc8 8.O-O-O
Nxd4 9.Qxd4 Qa5 10.Bd2 a6 11.f3 e5 12.Qe3 Be6 13.a3 Qc7 14.Bd3 Be7 15.g4 O-O
16.h4 b5 17.Rde1 Rb8 18.h5 h6 19.Qg1 Nh7 20.Nd5 Bxd5 21.exd5 Bg5 22.f4 exf4
23.Bxh7+ Kxh7 24.Qd4 Rbc8 25.Bc3 f5 26.Qd3 Qc4 27.Qxf5+ Rxf5 {#R} 0-1

[Event "It (open)"]
[Site "masterchessopen.com Cseppko (Hungary)"]
[Round "7"]
[White "Turzo Attila (HUN)"]
[Black "Tamas Norbert (HUN)"]
[Result "1-0"]
[WhiteElo "2395"]
[BlackElo "2223"]

1.e4 c5 2.Nf3 d6 3.d4 Nf6 4.Nc3 cxd4 5.Nxd4 Nc6 6.Bg5 Bd7 7.Qd2 Nxd4 8.Qxd4 h6
9.Bxf6 gxf6 10.Bc4 Rg8 11.O-O-O Qa5 12.g3 e6 13.Bb3 O-O-O 14.f4 f5 15.exf5
Qxf5 16.Qxa7 Kc7 17.Bd5 Rb8 18.Rd4 exd5 19.Nxd5+ Qxd5 20.Rxd5 Bc6 21.Rf5 Rg7
22.Re1 Re8 23.Rxe8 {#r} 1-0

[Event "Ch Germany (juniors) (under 13)"]
[Site "masterchessopen.com Friedrichroda (Germany)"]
[Round "3"]
[White "Zaragatski Ilja (GER)"]
[Black "Fliter Irena (GER)"]
[Result "1-0"]
[WhiteElo "2474"]
[BlackElo "2099"]

1.e4 c5 2.Nf3 Nc6 3.d4 cxd4 4.Nxd4 Nf6 5.Nc3 d6 6.Bg5 Bd7 7.Qd2 Rc8 8.O-O-O
Nxd4 9.Qxd4 Qa5 10.Bxf6 gxf6 11.Bc4 Rg8 12.Rhg1 Bg7 13.f4 Qh5 14.Rh1 Qh6 15.g3
f5 16.Qd5 Rf8 17.exf5 Bc6 18.Bb5 Bxc3 19.bxc3 Qf6 20.Rhe1 Kd8 21.Bxc6 Rxc6
22.Rd3 Kd7 23.g4 Qh4 24.Rde3 Rc7 25.Qa5 b6 26.Qa4+ Kd8 27.h3 h6 28.Qd4 f6
29.Rxe7 {#r} 1-0

[Event "It (open) \"]
[Site "masterchessopen.com Heves (Hungary)"]
[Round "5"]
[White "Sleisz Tamas (HUN)"]
[Black "Gyorkos Lajos (HUN)"]
[Result "1-0"]
[WhiteElo "2236"]
[BlackElo "2410"]

1.e4 c5 2.Nf3 d6 3.d4 cxd4 4.Nxd4 Nf6 5.Nc3 Nc6 6.Bg5 Bd7 7.Qd2 Rc8 8.O-O-O
Nxd4 9.Qxd4 Qa5 10.f4 Bc6 11.Bc4 h6 12.Bh4 g5 13.e5 Bg7 14.exd6 O-O 15.dxe7
Rfe8 16.fxg5 hxg5 17.Be1 Bxg2 18.Rg1 Bf3 19.Nd5 Bxd5 20.Bxa5 Rxc4 21.Qe5 Be4
22.Bc3 g4 23.Rd8 Bc6 24.Qg5 Rxc3 25.bxc3 Kh7 26.Qe5 Kh6 27.Rd6 {#r} 1-0

[Event "Ch Croatia (team) (1st league) (juniors)"]
[Site "masterchessopen.com Medulin (Croatia)"]
[Round "0"]
[White "Ladic Josip (CRO)"]
[Black "Jovanovic Zoran (CRO)"]
[Result "0-1"]
[WhiteElo "2191"]
[BlackElo "2145"]

1.e4 c5 2.Nf3 d6 3.d4 cxd4 4.Nxd4 Nf6 5.Nc3 Nc6 6.Bg5 Bd7 7.Qd2 Nxd4 8.Qxd4
Qa5 9.f4 e5 10.Qd2 Be7 11.Bc4 Rc8 12.Bb3 Rxc3 13.Qxc3 Qxc3+ 14.bxc3 Nxe4
15.Bxe7 Kxe7 16.fxe5 dxe5 17.O-O f6 18.Rf3 Rc8 19.Bd5 Bc6 20.Bxc6 Rxc6 21.Rh3
h6 22.Rb1 b6 23.Rb3 Nc5 24.Rb4 Rd6 25.Rf3 Ke6 26.Rg4 g5 27.Rb4 f5 28.g3 f4
29.gxf4 gxf4 30.Rh3 Rd1+ 31.Kf2 Rd2+ 32.Kg1 Rxc2 33.Rxh6+ Kf5 34.Rh5+ Kf6
35.a4 Rxc3 36.h4 e4 37.Rh7 f3 38.Rxa7 {#R} 0-1

[Event "Ch Uruguay"]
[Site "masterchessopen.com Montevideo (Uruguay)"]
[Round "0"]
[White "Braso Jorge (URU)"]
[Black "Roselli Mailhe Bernardo (URU)"]
[Result "1-0"]
[WhiteElo "2167"]
[BlackElo "2425"]

1.e4 c5 2.Nf3 Nc6 3.d4 cxd4 4.Nxd4 Nf6 5.Nc3 d6 6.Bg5 Bd7 7.Qd2 Rc8 8.Nb3 h6
9.Bxf6 gxf6 10.O-O-O a6 11.Kb1 Bg7 12.f4 b5 13.g4 Qb6 14.Be2 Rb8 15.Nd5 Qa7
16.Ne3 a5 17.Nf5 Bf8 18.Bf3 a4 19.Nbd4 Na5 20.Qb4 Nc4 21.e5 Qc5 22.Qxc5 dxc5
23.Nc6 Rb6 24.Rd3 Bxc6 25.Rhd1 Nd6 26.exd6 c4 27.Bxc6+ Rxc6 28.d7+ Kd8 29.Rd5
Rb6 30.Rc5 Rb8 31.Nd4 e5 32.Nc6+ Kc7 33.Ne7+ Kb7 34.Rxb5+ {#r} 1-0

[Event "Ch France (juniors)"]
[Site "masterchessopen.com Montlucon (France)"]
[Round "3"]
[White "Fontaine Robert (FRA)"]
[Black "Leroy Didier (FRA)"]
[Result "1-0"]
[WhiteElo "2395"]
[BlackElo "2190"]

1.e4 c5 2.Nf3 Nc6 3.d4 cxd4 4.Nxd4 Nf6 5.Nc3 d6 6.Bg5 Bd7 7.Qd2 Rc8 8.O-O-O
Nxd4 9.Qxd4 Qa5 10.Bxf6 gxf6 11.Kb1 Qc5 12.Qd2 e6 13.f4 Bc6 14.Bd3 Kd7 15.Qe2
Kc7 16.Bb5 Rb8 17.Rhf1 a6 18.Bxc6 bxc6 19.Qxa6 Qb4 20.Na4 Be7 21.a3 Qb7
22.Qa5+ Kc8 23.Rf3 Bd8 24.Qd2 Bc7 25.Rb3 Qa6 26.Rxb8+ Kxb8 27.Nc3 Rg8 28.g3 d5
29.exd5 cxd5 30.Qd4 Bd8 31.Na4 h5 32.Rd3 Qa7 33.Rb3+ Ka8 34.Qc3 Qd7 35.Nb6+
Bxb6 36.Rxb6 {#r} 1-0

[Event "Ch Moscow"]
[Site "masterchessopen.com Moscow (Russia)"]
[Round "7"]
[White "Gorelov Sergey G (RUS)"]
[Black "Dragomarezkij Evgeni (RUS)"]
[Result "1-0"]
[WhiteElo "2485"]
[BlackElo "2490"]

1.e4 c5 2.Nf3 d6 3.d4 cxd4 4.Nxd4 Nf6 5.Nc3 Nc6 6.Bg5 Bd7 7.Qd2 Rc8 8.O-O-O
Nxd4 9.Qxd4 Qa5 10.Bd2 a6 11.Bc4 Qc5 12.Qxc5 Rxc5 13.Bb3 h5 14.Rhe1 Ng4 15.Re2
g6 16.h3 Ne5 17.Be3 Rc8 18.f4 Nc4 19.Bxc4 Rxc4 20.e5 Be6 21.exd6 Bg7 22.d7+
{#r} 1-0

[Event "It (cat.10)"]
[Site "masterchessopen.com Olomouc (Czech Republic)"]
[Round "2"]
[White "Manik Mikulas (SVK)"]
[Black "Balinov Ilija (AUT)"]
[Result "1-0"]
[WhiteElo "2465"]
[BlackElo "2560"]

1.e4 c5 2.Nf3 d6 3.d4 Nf6 4.Nc3 cxd4 5.Nxd4 Nc6 6.Bg5 Bd7 7.Qd2 Nxd4 8.Qxd4
Qa5 9.f4 h6 10.Bxf6 gxf6 11.Bc4 Rc8 12.Bb3 Qc5 13.Qd3 e6 14.O-O-O b5 15.e5 f5
16.g4 b4 17.Na4 Qa5 18.gxf5 Bxa4 19.exd6 Kd7 20.fxe6+ fxe6 21.Bxe6+ Kxe6 22.d7
Rxc2+ 23.Kb1 Rxb2+ 24.Kxb2 Bg7+ 25.Kb1 Bxd1 26.Re1+ Kf6 27.Qd6+ Kf5 28.Qe6+
Kxf4 29.Qe4+ Kg5 30.Rg1+ Kh5 31.Qg6+ Kh4 32.Qg3+ {#r} 1-0

[Event "Ch Portugal (team)"]
[Site "masterchessopen.com Portugal"]
[Round "0"]
[White "Charneira Hermenegildo (POR)"]
[Black "Santos Luis (POR)"]
[Result "0-1"]
[WhiteElo "2205"]
[BlackElo "2370"]

1.e4 c5 2.Nf3 Nc6 3.d4 cxd4 4.Nxd4 Nf6 5.Nc3 d6 6.Bg5 Bd7 7.Qd2 Rc8 8.Be2 Nxd4
9.Qxd4 Qa5 10.Bd2 a6 11.Qa7 Qc7 12.O-O e6 13.Qe3 Be7 14.Qg3 O-O 15.f4 Qb6+
16.Kh1 Qxb2 17.Bd3 Rxc3 18.Bxc3 Qxc3 19.e5 Nd5 20.Rab1 Bc6 21.Rb3 Qd2 22.exd6
Bxd6 23.Bxh7+ Kxh7 24.Qh4+ Kg8 25.Rh3 f6 26.Qh7+ Kf7 27.Rg3 Nxf4 28.Rxg7+ Ke8
29.Rg1 Qe2 30.Qh6 Qh5 31.Qxh5+ Nxh5 32.Rh7 Nf4 33.Rg7 Nxg2 {#R} 0-1

[Event "Ch Uruguay"]
[Site "masterchessopen.com Uruguay"]
[Round "4"]
[White "Braso Jorge (URU)"]
[Black "Roselli Mailhe Bernardo (URU)"]
[Result "1-0"]
[WhiteElo "2167"]
[BlackElo "2425"]

1.e4 c5 2.Nf3 Nc6 3.d4 cxd4 4.Nxd4 Nf6 5.Nc3 d6 6.Bg5 Bd7 7.Qd2 Rc8 8.Nb3 h6
9.Bxf6 gxf6 10.O-O-O a6 11.Kb1 b5 12.f4 Bg7 13.g4 Qb6 14.Be2 Qa7 15.Nd5 Rb8
16.Ne3 a5 17.Nf5 Bf8 18.Bf3 a4 19.Nbd4 Na5 20.Qb4 Nc4 21.e5 Qc5 22.Qxc5 dxc5
23.Nc6 Rb6 24.Rd3 Bxc6 25.Rhd1 Nd6 26.exd6 c4 27.Bxc6+ Rxc6 28.d7+ Kd8 29.Rd5
Rb6 30.Rc5 Rb8 31.Nd4 e5 32.Nc6+ Kc7 33.Ne7+ Kb7 34.Rxb5+ {#r} 1-0

[Event "Ch Germany (juniors) (under 13) (team)"]
[Site "masterchessopen.com Verden (Germany)"]
[Round "5"]
[White "Bardacheva Anna (GER)"]
[Black "Fliter Irena (GER)"]
[Result "1-0"]
[WhiteElo "1630"]
[BlackElo "2099"]

1.e4 c5 2.Nf3 Nc6 3.d4 cxd4 4.Nxd4 Nf6 5.Nc3 d6 6.Bg5 Bd7 7.Qd2 Rc8 8.f4 Qa5
9.Nb3 Qb6 10.h3 Nb4 11.Bxf6 gxf6 12.a3 Nc6 13.Nd5 Qd8 14.O-O-O f5 15.exf5 Bxf5
16.Re1 Bg7 17.Bd3 Be6 18.Be4 Bh6 19.g4 Ne5 20.g5 Nc4 21.Qd4 Bf8 22.Qxh8 {#r}
1-0

[Event "It (open) \"]
[Site "masterchessopen.com Budapest (Hungary)"]
[Round "2"]
[White "Kiss Gedeon (HUN)"]
[Black "Kiselev M (RUS)"]
[Result "0-1"]
[WhiteElo "2260"]
[BlackElo "2325"]

1.e4 c5 2.Nf3 d6 3.d4 cxd4 4.Nxd4 Nf6 5.Nc3 Nc6 6.Bg5 Bd7 7.Qd2 Nxd4 8.Qxd4
Qa5 9.f4 e6 10.O-O-O Rc8 11.e5 dxe5 12.fxe5 Bc6 13.h4 Bc5 14.Qf4 Nd5 15.Nxd5
Bxd5 16.Rxd5 exd5 17.Bd3 O-O 18.h5 Rc6 19.Qf5 g6 20.Qh3 Qc7 21.Bf6 Bd4 22.hxg6
fxg6 23.Bxg6 hxg6 24.Qh8+ Kf7 25.e6+ Kxe6 26.Re1+ Be5 {#R} 0-1

[Event "Ch Ukraine (team)"]
[Site "masterchessopen.com Alushta (Ukraine)"]
[Round "0"]
[White "Gaponenko Inna (UKR)"]
[Black "Cherevatenko Roman (UKR)"]
[Result "0-1"]
[WhiteElo "2385"]
[BlackElo "2410"]

1.e4 c5 2.Nf3 Nc6 3.d4 cxd4 4.Nxd4 Nf6 5.Nc3 d6 6.Bg5 Bd7 7.Qd2 Nxd4 8.Qxd4
Qa5 9.Bd2 e5 10.Qd3 Qb6 11.O-O-O Rc8 12.f3 a6 13.g4 Be6 14.g5 Nd7 15.f4 exf4
16.Bxf4 Ne5 17.Bxe5 dxe5 18.Nd5 Qc6 19.h4 Bc5 20.Bh3 O-O 21.c3 Rcd8 22.h5 Bxd5
23.exd5 Qa4 24.Kb1 e4 25.Qe2 e3 26.Qd3 Rfe8 27.Bf5 e2 28.Rde1 Re3 29.Bxh7+ Kh8
30.Qf5 Qd7 31.c4 Qxf5+ 32.Bxf5 Bb4 33.Kc2 b5 34.b3 bxc4 35.bxc4 Rc3+ 36.Kb2
Rb8 37.Rxe2 Ba5+ 38.Ka1 Rf3 {#R} 0-1

[Event "Memorial Saiz"]
[Site "masterchessopen.com Cuba"]
[Round "0"]
[White "Delgado Crespo Mairelys (ESP)"]
[Black "Pazos Gambarrotti Plinio (ECU)"]
[Result "1-0"]
[WhiteElo "2230"]
[BlackElo "2305"]

1.e4 c5 2.Nf3 Nc6 3.d4 cxd4 4.Nxd4 Nf6 5.Nc3 d6 6.Bg5 Bd7 7.Qd2 Qa5 8.Nb3 Qc7
9.Be2 a6 10.Bxf6 gxf6 11.Nd5 Qd8 12.Qe3 Bg7 13.Nb6 Rb8 14.O-O f5 15.Nxd7 Qxd7
16.c3 fxe4 17.Qxe4 d5 18.Qe3 Qd6 19.Rad1 e6 20.f4 O-O 21.Kh1 f5 22.Bf3 b5
23.Nc5 Nd8 24.Rfe1 Rf6 25.Nd3 Rf7 26.Nb4 Kh8 27.Nd3 Rc7 28.Qf2 Rc4 29.Qh4 Nf7
30.Bh5 Rf8 31.Bg6 Nh6 32.Bh5 e5 33.b3 Re4 34.Rxe4 fxe4 35.fxe5 Bxe5 36.Nxe5
Qxe5 37.Be2 Nf5 38.Qh5 Qd6 39.Rf1 Rf6 40.Rxf5 {#r} 1-0

[Event "Cup Matra (open)"]
[Site "masterchessopen.com Gyongyos (Hungary)"]
[Round "2"]
[White "Szabo Zsolt Jozsef (HUN)"]
[Black "Gyurkovics Miklos (HUN)"]
[Result "1-0"]
[WhiteElo "2430"]
[BlackElo "2135"]

1.e4 c5 2.Nf3 Nc6 3.d4 cxd4 4.Nxd4 Nf6 5.Nc3 d6 6.Bg5 Bd7 7.Qd2 Rc8 8.O-O-O
Nxd4 9.Qxd4 Qa5 10.Bxf6 gxf6 11.Kb1 Rg8 12.f4 e6 13.g3 Qc5 14.Qd2 Bc6 15.Bh3
Be7 16.Rhe1 Qh5 17.Qg2 f5 18.Qf1 fxe4 19.Nxe4 Bb5 20.Qg2 Bc6 21.g4 Qa5 22.f5
d5 23.Ng3 d4 24.Qe2 Bb5 25.Qe5 d3 26.c4 Rc5 27.Qb8+ Qd8 28.Qxd8+ Bxd8 29.cxb5
{#r} 1-0